000 00923nam a2200241 a 4500
001 000017202
005 20200929165039.0
008 100319s1981 dr ac 000 0 spa d
040 _aDO-SdBNP
_bspa
_cBNPHU
082 _a579.355
_bH731a
100 1 _aHolguín-Veras Tabar, Oscar
_937844
245 1 0 _aAislamiento primigenio en Santo Domingo del estreptococo mutans :
_bcepas pertenecientes de placa dental humana /
_cOscar Holguín-Veras Tabar.
260 _aSanto Domingo :
_bAlfa y Omega,
_c1981.
300 _a68 p. :
_bil., retrs. ;
_c21 cm.
500 _aIncluye datos biográficos del autor en la contracubierta.
590 _aInventariado, 2020/BT
650 4 _aAnálisis microbiológico
_937845
650 4 _aMicrobiología médica
_937846
650 4 _aPlaca dental
_937847
650 4 _aBacteriología de la boca
_937848
710 2 _aUniversidad del Este
_937849
910 _aValidado. Control de calidad EMS
999 _c16728
_d16728